La antigua provincia capuchina de Navarra y Cantabria / (Record no. 24796)

MARC details
000 -LEADER
campo de control de longitud fija 00604nam a2200169 i 4500
001 - NÚMERO DE CONTROL
campo de control 24796
003 - IDENTIFICADOR DE NÚMERO DE CONTROL
campo de control ES-MaACL
007 - CAMPO FIJO DE DESCRIPCIÓN FÍSICA--INFORMACIÓN GENERAL
campo de control de longitud fija t|
008 - DATOS DE LONGITUD FIJA--INFORMACIÓN GENERAL
campo de control de longitud fija 021218s1952 sp ||||1| spa d
100 1# - ENTRADA PRINCIPAL--NOMBRE DE PERSONA
Nombre de persona Añorbe, Celestino de.
9 (RLIN) 22026
245 13 - MENCIÓN DEL TÍTULO
Título La antigua provincia capuchina de Navarra y Cantabria /
Mención de responsabilidad, etc. Celestino de Añorbe.
260 ## - PUBLICACIÓN, DISTRIBUCIÓN, ETC.
Lugar de publicación, distribución, etc. Pamplona :
Nombre del editor, distribuidor, etc. Verdad y Caridad,
Fecha de publicación, distribución, etc. [1952]
300 ## - DESCRIPCIÓN FÍSICA
Extensión XV, 447 p. ;
Dimensiones 24 cm.
505 8# - NOTA DE CONTENIDO CON FORMATO
Nota de contenido con formato Contiene: T. I: Desde los orígenes hasta la Revolución Francesa (1578-1789).
740 0# - ENTRADA AGREGADA--TÍTULO RELACIONADO/ANALÍTICO NO CONTROLADO
Título relacionado o analítico no controlado Desde los orígenes hasta la Revolución Francesa (1578-1789)
852 ## - LOCALIZACIÓN
Ubicación ES-MaACL
Número de control de estantería E-4600
Holdings
Estatus retirado Estado de pérdida Estado de daño No para préstamo Biblioteca de origen Biblioteca actual Ubicación en estantería Fecha de adquisición Fuente de adquisición Total de préstamos Signatura topográfica completa Código de barras Visto por última vez Precio de reemplazo Tipo de ítem Koha
        Biblioteca del Ateneo de Madrid Biblioteca del Ateneo de Madrid Depósito 2 17/01/2008     E-4600 1025565 23/02/2023 23/02/2023 Libro impreso